000 00653nam a2200241 a 4500
001 nice12345678
003 IN_TiNIC
005 20260116011831.0
008 050524s1973 newa grp 000 0 eng
020 _a
_c2110.5
082 0 0 _a909.07
_bBUR
100 _aBurn, Robert Ignatiyus
245 _aIslam Under the Crusaders, Colonial Survival in the Thirteenth Century
260 _aNew Jersy
_bPrinceston University Press
_c1973
300 _a475p
500 _aincludes index and biblioraphy
505 2 _aBibliography, Index
650 _aCrusades
700 1 _aBurn, Robert Ignatiyus
902 _bSRS
942 _cBK
999 _c4312
_d4312